Statistics for Random JetPunk Quotes to Author

Click here to take the quiz!

General Stats

  • This quiz has been taken 5 times
  • The average score is 7 of 20

Answer Stats

QuotesAuthor% Correct
Don't believe everything you read on the internetAbraham Lincoln
100%
Clothes make the man. Naked people have little or no influence on societyMark Twain
75%
It took me four years to paint like Raphael, but a lifetime to paint like a childPablo Picasso
75%
If Hitler invaded Hell, I would make at least a favourable reference to the devil in the House of CommonsWinston Churchill
75%
I came not to send peace, but a swordJesus
50%
You'll most likely know it as Myanmar, but it will always be Burma to meJ. Peterman
50%
I used to be Snow White, but I driftedMae West
50%
Facts are stubborn thingsJohn Adams
25%
Do you know the only thing that gives me pleasure? It's to see my dividends coming inJohn D. Rockefeller
25%
Power tends to corrupt and absolute power corrupts absolutelyLord Acton
25%
The trouble with socialism is that eventually you run out of other people's moneyMargaret Thatcher
25%
Wall Street indexes predicted nine out of the last five recessionsPaul Samuelson
25%
Patriotism is the last refuge of a scoundrelSamuel Johnson
25%
The Holy Roman Empire was in no way holy, nor Roman, nor an empire.Voltaire
25%
You know everybody is ignorant, only on different subjectsWill Rogers
25%
To do evil a human being must first of all believe that what he's doing is goodAleksandr Solzhenitsyn
0%
The only thing that saves us from the bureaucracy is inefficiency. An efficient bureaucracy is the greatest threat to liberty.Eugene McCarthy
0%
Never attribute to malice that which is adequately explained by stupidityHanlon's Razor
0%
Democracy is the theory that the common people know what they want, and deserve to get it good and hardH. L. Mencken
0%
Nobody is more dangerous than he who imagines himself pure in heart; for his purity, by definition, is unassailable.James Baldwin
0%

Score Distribution

Percentile by Number Answered

Percent of People with Each Score

Your Score History

You have not taken this quiz